000 00923nam a2200241 a 4500
001 000018808
005 20220602123847.0
008 100519s2010 dr c 000 0 spa d
020 _a9789945163360
040 _aDO-SdBNP
_bspa
_cBNPHU
082 _a070.449796
_bN714p
100 1 _aNina Gómez, Carlos
_96492
245 1 0 _aPrensa deportiva dominicana :
_bsu historia, capacidades e ineptitudes, los 15 más grandes cronistas /
_cCarlos Nina Gómez ; prólogo Miguel Guerrero.
260 _aSanto Domingo :
_bBúho,
_c2010.
300 _a258 p. :
_bil., retrs. ;
_c23 m.
500 _aIncluye datos biográficos del autor en las solapas.
590 _aInventariado,2018/DG
650 4 _aPeriodismo deportivo
_96910
650 4 _aDeportes
_xHistoria
_zRepública Dominicana
_918281
650 4 _aCrónica deportiva
_96911
700 _aGuerrero, Miguel,
_d1945-
_epról.
_914303
910 _aValidado. Control de calidad EMS
999 _c18328
_d18328